| 000 | 01318nam a2200277 i 4500 | ||
|---|---|---|---|
| 001 | 153152 | ||
| 003 | ES-MaACL | ||
| 005 | 20250723061842.0 | ||
| 008 | 931025s1665 fr a |||| | lat d | ||
| 130 | 0 |
_aCodex Theodosianus. _9135263 |
|
| 245 | 1 | 0 |
_aCodex Theodosianus / _ccum perpetuis commentariis Iacobi Gothofredi ... ; praemittuntur chronologia accuratior cum chronico historico & prolegomena ... ; opus posthumun ... reconitum & ordinatum ad usum Codicis Iustinianei opera et studio Antonij Maruillij ... ; tomus quintus. |
| 260 |
_aLugduni : _bsumptibus Ioannis-Antonij Huguetan & Marci- Antonij Rauaud, _c1665. |
||
| 300 |
_a[4], 422, [2] en bl. : _bil. ; _cFol. |
||
| 530 | _aDisponible en formato digital. | ||
| 597 | _aSign.: [ ]2, A-Z4, 2A-2Z4, 3A-3G4. | ||
| 597 | _aTexto mayoritariamente a dos col. | ||
| 597 | _aPort. a dos tintas con grab. calc. tip.: "Cars f." | ||
| 599 | _aIlustraciones xil. en letras capitales. | ||
| 650 | 7 |
_aDerecho romano _2embne _911764 |
|
| 700 | 1 |
_aGodefroy, Jacques. _957513 |
|
| 700 | 1 |
_aMarville, Antoine. _9129666 |
|
| 700 | 1 |
_aRavaud, Marc Antoine. _9131625 |
|
| 852 | 4 |
_aES-MaACL _jR-2045 _z- Enc. pasta |
|
| 856 | 4 |
_uhttp://hdl.handle.net/10481/12062 _zFondo bibliográfico histórico de la Universidad de Granada |
|
| 999 |
_c153152 _d153152 |
||